LIBRARY & INFORMATION CENTRE, KCAET, TAVANUR

ONLINE PUBLIC ACCESS CATALOGUE (OPAC)

Electrical measurements and measuring instruments / (Record no. 10364)

MARC details
000 -LEADER
fixed length control field 00515cam a2200205ua 4500
041 ## - LANGUAGE CODE
Language code of text/sound track or separate title eng
082 ## - DEWEY DECIMAL CLASSIFICATION NUMBER
Classification number 621.374
Item number RAJ/EL
100 ## - MAIN ENTRY--AUTHOR NAME
Personal name Rajendra, Prasad .
245 ## - TITLE STATEMENT
Title Electrical measurements and measuring instruments /
250 ## - EDITION STATEMENT
Edition statement 3 /
260 ## - PUBLICATION, DISTRIBUTION, ETC. (IMPRINT)
Place of publication Delhi :
Name of publisher Khanna publishers ,
Year of publication 1997.
300 ## - PHYSICAL DESCRIPTION
Number of Pages 970 ; .
500 ## - GENERAL NOTE
General note *CSS
942 ## - ADDED ENTRY ELEMENTS (KOHA)
Koha item type Books
Holdings
Withdrawn status Lost status Damaged status Home library Current library Shelving location Date acquired Full call number Accession Number Koha item type
      KAUAET KAUAET Scheme 07/04/2012 621.374 19602 Book Bank scheme for SC students
      KAUAET KAUAET Scheme 03/09/2018 621.374 RAJ/EL 19601 Books
free website counter